|
|
|
|
| LEADER |
00000nab a2200000 a 4500 |
| 001 |
vtls000320046 |
| 003 |
SK-MaSNL |
| 005 |
20260303042911.0 |
| 008 |
111201c1988 xo 0 slo |
| 015 |
|
|
|a SNBRB19rr/mm-uuuuu
|
| 035 |
|
|
|a CL0320168
|
| 040 |
|
|
|a SNKBUCL
|b slo
|c SNKBUCL
|e AACR2
|
| 041 |
0 |
|
|a slo
|
| 044 |
|
|
|a xo
|c SK
|
| 080 |
|
|
|a 908.234.372.4
|2 1981
|
| 100 |
1 |
|
|a Loudín, J.
|4 aut
|9 925332
|
| 245 |
1 |
0 |
|a Rákoň - vrch výhľadu
|b Nádherný pohľad na Vysoké a Západné Tatry
|c J. Loudín
|
| 300 |
|
|
|b Obr. 1.
|
| 650 |
0 |
7 |
|a Rákoň (Západné Tatry)
|2 snkbucl
|9 57833
|
| 655 |
|
7 |
|a články z novín a časopisov
|2 snkbucl
|9 267496
|
| 773 |
0 |
|
|t Smer
|g Roč. 40, č. 59 (11. 3. 1988), s. 12
|
| 850 |
|
|
|a Slovenská národná knižnica v Martine
|a MTA001
|
| 852 |
|
|
|a SNK
|b KIS3GCP
|
| 958 |
|
|
|a RK
|
| 992 |
|
|
|a RBX
|
| 999 |
|
|
|c 1694413
|d 1696343
|